LEADER 00763naa a2200169 i 4500 001 000000307612 003 CaOOAMICUS 005 20180831172919.0 008 180831n xx u000 u spa u 013 $a16413 040 $aSeMil$bita 100 1 $aHavre, Didier : van.$0(OLS)http://semarc/name/87890 245 10$aUnicidad o plaralidad del sacrificio Eucaristico en la Eucaristia concelebrada. 650 4$aEucaristia - Studi.$0(OLS)http://semarc/subject/10646 650 4$aEucaristia - Concelebrazione - Teologia.$0(OLS)http://semarc/subject/21470 773 0 $aUniversidad de Navarra : Facultad de Teología$t21.$gp.194-272$w()185723 996 $6245$aUnicidad o plaralidad del sacrificio Eucaristico en la Eucaristia concelebrada$9(OLS)http://semarc/title/382941 LEADER 00508nab a2200133 i 4500 001 000000324390 003 CaOOAMICUS 005 20180831173442.0 008 180831n xx uu u0 0und r 013 $a35231 040 $aSeMil$bita 245 10$aAuschwitz e il silenzio. Testo del comunicato approvato a Ginevra il 22 febbraio 1987. 773 0 $t[SENZA TITOLO]. - 15 p..$gp.12-12$w()285932 996 $6245$aAuschwitz e il silenzio. Testo del comunicato approvato a Ginevra il 22 febbraio 1987$9(OLS)http://semarc/title/397669